000 00664nam a2200289Ia 4500
005 20260324143153.0
008 008 260324s9999 xx 000 0 eng d
020 _a9780429492839
037 _aEBOOK
040 _aCRL
040 _beng
040 _cCRL
041 _2eng
041 _aeng
084 _qCRL
100 _aNorma Broude
_9874391
245 4 _aThe Expanding Discourse
245 0 _bFeminism And Art History
260 _bTaylor and Francis
260 _c1992
365 _a
365 _b230
856 _uhttp://www.taylorfrancis.com/books/9780429492839
942 _cEBOOK
999 _c1819727
_d1819727